000 00847cab a2200265 4500
001 ABS60530
008 090401t1999 xxu||||| |||| 00| 0 eng d
035 _a(Sirsi) u92747
041 _aeng
100 _aMurdie, A.
245 _aCostly mistakes
260 _c1999
350 _a0
490 _aIRRV Insight
_v(8) April 1999, 16-17(2)
520 _aConsiders the implications for local authorities of the House of Lords decision in "Kleinwort Benson Ltd v Lincoln CC and other appeals", which allowed the recovery of payments made as a mistake of law.
650 _aKLEINWORT BENSON LTD V LINCOLN CITY COUNCIL AND OTHERS
650 _aMISTAKES OF FACT
650 _aMISTAKES OF LAW
650 _aMONEY PAID UNDER A MISTAKE
650 _aRECOVERY
650 _aREPAYMENT
690 _aLAW
942 _n0
948 _c15/04/1999
999 _c58786
_d58786